[Event "Albox op"]
[Site "Albox"]
[Date "2002.07.22"]
[Round "1.1"]
[White "Rustemov, Alexander"]
[Black "Gavilan Diaz, Mario"]
[Result "1-0"]
[WhiteElo "2598"]
[BlackElo "1995"]
[PlyCount "43"]
[EventDate "2002.07.??"]

1. d4 Nf6 2. Nf3 e6 3. Bg5 c5 4. e3 Nc6 5. c3 d5 6. Nbd2 cxd4 7. exd4 Be7 8.
Bd3 O-O 9. O-O h6 10. Bh4 a6 11. Qe2 b5 12. a3 Qb6 13. b4 Re8 14. a4 bxa4 15.
Rxa4 a5 16. Rfa1 Bd7 17. b5 Nd8 18. Ne5 Qc7 19. c4 dxc4 20. Rxc4 Qd6 21. Bxf6
gxf6 22. Qe4 1-0

[Event "Albox op"]
[Site "Albox"]
[Date "2002.07.22"]
[Round "1.2"]
[White "Garcia Mendoza, Francisco"]
[Black "Lalic, Bodgan"]
[Result "0-1"]
[WhiteElo "1912"]
[BlackElo "2540"]
[PlyCount "98"]
[EventDate "2002.07.??"]

1. e4 c5 2. Nf3 d6 3. d4 cxd4 4. Nxd4 Nf6 5. Nc3 a6 6. f3 e6 7. Be3 h5 8. Qd2
Nbd7 9. a4 Be7 10. Nb3 b6 11. Be2 Bb7 12. O-O O-O 13. Rfd1 Qb8 14. Bf1 Rd8 15.
Qf2 d5 16. exd5 Bxd5 17. g3 Ne5 18. Nxd5 Nxd5 19. c4 Nxe3 20. Qxe3 Qc7 21. Kg2
Nxc4 22. Qc3 b5 23. axb5 Rxd1 24. Rxd1 axb5 25. Nd4 Qc5 26. b3 Ra2+ 27. Kh1 Ne5
28. Qxc5 Bxc5 29. Nxb5 Nxf3 30. Bg2 Nd2 31. Nc3 Rc2 32. Ne4 Nxb3 33. Bf1 Bf8
34. Rd8 g6 35. Bd3 Rc1+ 36. Kg2 Kg7 37. Bb5 Nc5 38. Nf2 Rb1 39. Be8 Rb2 40. Kf3
Nb7 41. Ra8 Nd6 42. Bc6 f5 43. h4 e5 44. Bd5 e4+ 45. Ke3 f4+ 46. gxf4 Nf5+ 47.
Kxe4 Rxf2 48. Ra7+ Kh6 49. Bg8 Re2+ 0-1

[Event "Albox op"]
[Site "Albox"]
[Date "2002.07.22"]
[Round "1.3"]
[White "Suba, Mihai"]
[Black "Agullo Sanchez, Vicente"]
[Result "1-0"]
[WhiteElo "2507"]
[BlackElo "1891"]
[PlyCount "43"]
[EventDate "2002.07.??"]

1. d4 Nf6 2. c4 e6 3. Nc3 Bb4 4. e3 O-O 5. Bd3 c5 6. Nge2 Nc6 7. O-O d5 8. cxd5
exd5 9. a3 cxd4 10. exd4 Be7 11. h3 b6 12. Re1 h6 13. Bb1 Re8 14. Ba2 Bf8 15.
Be3 Ne7 16. Nf4 Bb7 17. Rc1 Rc8 18. Qf3 Qd7 19. Bb1 Ba6 20. Bc2 Bb5 21. Nd3
Bxd3 22. Bxd3 1-0

[Event "Albox op"]
[Site "Albox"]
[Date "2002.07.22"]
[Round "1.4"]
[White "Moya Hernandez, Alvaro"]
[Black "Sulypa, Alexandre"]
[Result "0-1"]
[WhiteElo "1836"]
[BlackElo "2505"]
[PlyCount "96"]
[EventDate "2002.07.??"]

1. d4 Nf6 2. c4 g6 3. Nc3 d5 4. cxd5 Nxd5 5. e4 Nxc3 6. bxc3 Bg7 7. Bc4 O-O 8.
Ne2 c5 9. O-O Nc6 10. Be3 Qc7 11. Rc1 Rd8 12. Qc2 Na5 13. Bb3 Nxb3 14. axb3 b6
15. Rfd1 Bb7 16. d5 c4 17. b4 e6 18. dxe6 fxe6 19. Bg5 Rxd1+ 20. Rxd1 Qe5 21.
Qd2 Qxe4 22. f3 Qd5 23. Qc1 Qe5 24. Nd4 Re8 25. Bf4 Qh5 26. Bg3 a6 27. Ne2 Bh6
28. Bf4 g5 29. Be3 Bd5 30. Ng3 Qg6 31. Bxb6 g4 32. Be3 Bxe3+ 33. Qxe3 gxf3 34.
gxf3 Rf8 35. Rf1 h5 36. Kh1 Qg4 37. Ne4 Bxe4 38. Qxe4 Qxe4 39. Rg1+ Kh7 40.
fxe4 Rf3 41. Rg3 Rxg3 42. hxg3 Kg6 43. Kg2 Kg5 44. Kf2 h4 45. gxh4+ Kxh4 46.
Kf3 Kh3 47. Kf2 Kg4 48. Ke3 Kg3 0-1

[Event "Albox op"]
[Site "Albox"]
[Date "2002.07.23"]
[Round "2.1"]
[White "Ibarra Jerez, Jose Carlos"]
[Black "Rustemov, Alexander"]
[Result "0-1"]
[WhiteElo "2368"]
[BlackElo "2598"]
[PlyCount "131"]
[EventDate "2002.07.??"]

1. e4 e6 2. d4 d5 3. Nd2 dxe4 4. Nxe4 Bd7 5. Bd3 Bc6 6. Nf3 Nd7 7. O-O Ngf6 8.
Ng3 Be7 9. Re1 O-O 10. b3 Bb4 11. Rf1 Re8 12. Bb2 Bxf3 13. Qxf3 c6 14. c4 Bf8
15. Rad1 g6 16. Qf4 Bg7 17. Bb1 Rc8 18. Rfe1 b5 19. cxb5 Nd5 20. Qd2 cxb5 21.
Rc1 Qb6 22. Ne4 b4 23. Rc4 Rcd8 24. Rec1 Nb8 25. Qg5 a5 26. h4 h6 27. Qd2 h5
28. Qg5 Kf8 29. Rc5 Qa7 30. Bd3 Nd7 31. R5c4 N7f6 32. Rc5 Ng4 33. Qd2 Kg8 34.
R1c2 Nh6 35. Bb5 Rf8 36. Ng3 Nc3 37. Bxc3 bxc3 38. R5xc3 Rxd4 39. Rd3 Rfd8 40.
Qe2 Rxd3 41. Bxd3 Qd4 42. Be4 Qf6 43. Rc4 Qa1+ 44. Nf1 Ng4 45. Bf3 Ne5 46. Rc2
Bf6 47. g3 Kg7 48. Kg2 Rd3 49. Ne3 Qd4 50. Bb7 Qb4 51. Ba8 Rd8 52. Bf3 Rd3 53.
Ba8 Rd4 54. Nc4 Nd3 55. Kf1 a4 56. Nd2 Nc1 57. Rxc1 Rxd2 58. Rc4 Qd6 59. Qe3
Rxa2 60. Bc6 a3 61. Qa7 Rb2 62. Be8 Qe7 63. Rc7 Qxe8 64. Qxa3 Qb5+ 65. Kg2 Qd5+
66. Kg1 0-1

[Event "Albox op"]
[Site "Albox"]
[Date "2002.07.23"]
[Round "2.2"]
[White "Lalic, Bodgan"]
[Black "Perez, Luis Manuel"]
[Result "1/2-1/2"]
[WhiteElo "2540"]
[BlackElo "2384"]
[PlyCount "25"]
[EventDate "2002.07.??"]

1. d4 d5 2. c4 c6 3. Nf3 Nf6 4. Nc3 dxc4 5. a4 Bf5 6. e3 e6 7. Bxc4 Bb4 8. O-O
O-O 9. Nh4 Nbd7 10. Nxf5 exf5 11. Qc2 g6 12. Bb3 Rc8 13. Rd1 1/2-1/2

[Event "Albox op"]
[Site "Albox"]
[Date "2002.07.23"]
[Round "2.3"]
[White "Granero Roca, Antonio"]
[Black "Suba, Mihai"]
[Result "0-1"]
[WhiteElo "2351"]
[BlackElo "2507"]
[Annotator "Suba, Mihai"]
[PlyCount "84"]
[EventDate "2002.07.??"]

{Partida Candidata al Premio de Belleza Jaan Eslon y David Garcia Ilundain} 1.
d4 Nf6 2. c4 e6 3. Nf3 c5 4. d5 d6 5. Nc3 exd5 6. cxd5 g6 7. g3 Bg7 8. Bg2 O-O
9. O-O Na6 10. Nd2 Nc7 11. Nc4 Nfe8 12. Bf4 (12. a4 b6 {es lo que mas se juega,
pero tuve problemas con esta jugada impertinente en dos partidas del ano
pasado}) 12... g5 {
ahora erstaba decidido a medidas energicas, en el espiritu de la Benoni} 13.
Be3 f5 14. f4 gxf4 {Las negras se quedan con una estructura mala en el flanco
de rey, pero la estructura blanca no es mucho mejor. Lo mas importante es que
la mayoria blanca en el centro ya no funciona.} 15. Bxf4 b6 16. Rc1 Ba6 17. b3
Qf6 18. Qd2 b5 19. Ne3 Qd4 20. Qc2 {
la alternativa era Tfd1, aliviando la presion sobre f5} 20... Be5 21. Ncd1 {
21.Tfd1? Axf4 22.Txd4 Axe3+ con ventaja material negra.} 21... Ng7 22. Kh1 Rae8
{el negro esta centralizando sus piezas, la posicion de su dama parece muy
arriesgada, pero no hay forma de aprovechar este detalle} 23. Bh6 Bc8 {
23...f4 es posible, pero el alfil tiene poco sentido en a6} 24. Qd3 {Para escap
ar de presion las blancas ofrecen el cambio de damas, el defecto de la jugada
es que debilita todavia mas los peones centrales.} 24... Qxd3 25. exd3 Na6 {
este caballo debe cambiar de sitiopara no clavar el peon c.} 26. a3 $8 Rf6 27.
Bg5 Rg6 28. Bf4 Bb7 29. Rc2 Bd4 30. Bf3 Nb8 31. g4 {una idea agresiva que
obliga al negro entregar material; contra otras jugadas el negro puede jugar
31...Cd7 con la idea Ce5} 31... fxg4 32. Be4 (32. Nxg4 Rxg4 33. Bxg4 Bxd5+ 34.
Bf3 Bxf3+ 35. Rxf3 Re1+) 32... Nd7 33. b4 Nf6 34. Bxg6 hxg6 35. Bxd6 {
Parece que el blanco ha simplificado un poco, pero el ataque del negro es
tremendo} 35... Nxd5 36. Ng2 cxb4 37. axb4 Nf5 38. Bc5 Nf4 $1 {
un toque artistico justificado por 39.Txf4 Te1+ y mate en la siguiente} 39.
Bxd4 Nxd4 {la caballeria negra esta en galope} 40. Rcf2 Nde2 ({tambien ganaba} 
40... Nxg2 {esta jugada es mas fuerte y  induce un estado de zugzwang,
mientras amenaza Rg7, g3 y Th8#.}) 41. Re1 Ng3+ $1 42. hxg3 Rxe1+ 0-1

[Event "Albox op"]
[Site "Albox"]
[Date "2002.07.23"]
[Round "2.4"]
[White "Sulypa, Alexandre"]
[Black "Moreno Tejera, Emilio"]
[Result "1-0"]
[WhiteElo "2505"]
[BlackElo "2365"]
[PlyCount "51"]
[EventDate "2002.07.??"]

1. d4 d5 2. c4 e6 3. Nc3 c6 4. Nf3 dxc4 5. a4 Bb4 6. e3 b5 7. Bd2 a5 8. axb5
Bxc3 9. Bxc3 cxb5 10. b3 Bb7 11. bxc4 b4 12. Bb2 Nf6 13. Bd3 Nbd7 14. O-O O-O
15. Nd2 Re8 16. Bc2 e5 17. Ba4 Re7 18. Nb3 Qc7 19. Bb5 exd4 20. Bxd4 Ne4 21.
Qh5 Re6 22. Bxd7 Qxd7 23. Nxa5 Rh6 24. Nxb7 Qxb7 25. Qb5 Qc8 26. Qd5 1-0

[Event "Albox op"]
[Site "Albox"]
[Date "2002.07.23"]
[Round "2.5"]
[White "Jimenez Villena, Francisco J"]
[Black "Movsziszian, Karen"]
[Result "0-1"]
[WhiteElo "2219"]
[BlackElo "2494"]
[PlyCount "67"]
[EventDate "2002.07.??"]

1. d4 g6 2. c4 Bg7 3. e4 d6 4. Nc3 Nf6 5. Nf3 O-O 6. Be2 Nbd7 7. O-O e5 8. Re1
c6 9. Bf1 h6 10. Rb1 Nh7 11. dxe5 dxe5 12. b4 Qf6 13. b5 Rd8 14. bxc6 bxc6 15.
Be3 Bf8 16. Qa4 a5 17. Red1 Re8 18. Qc2 Bc5 19. Bxc5 Nxc5 20. Rb6 Bg4 21. Nd5
Qd6 22. Nb4 Qe7 23. Nxc6 Qc7 24. Rdb1 Bxf3 25. gxf3 Re6 26. Rb8+ Rxb8 27. Nxb8
Rb6 28. Rxb6 Qxb6 29. Qc3 Qxb8 30. Qxa5 Qd6 31. Qa8+ Kg7 32. a4 Ng5 33. Kg2 Qd1
34. Qd5 0-1

[Event "Albox op"]
[Site "Albox"]
[Date "2002.07.23"]
[Round "2.6"]
[White "Komljenovic, Davor"]
[Black "Amate Tortosa, Bernardo"]
[Result "0-1"]
[WhiteElo "2459"]
[BlackElo "2246"]
[PlyCount "66"]
[EventDate "2002.07.??"]

1. c4 e5 2. g3 Nc6 3. Bg2 g6 4. Nc3 Bg7 5. Nf3 d6 6. O-O f5 7. d3 Nf6 8. Rb1 a5
9. a3 O-O 10. b4 axb4 11. axb4 h6 12. b5 Ne7 13. Bd2 g5 14. Ra1 Rb8 15. Ra7 b6
16. Ne1 f4 17. Nc2 Be6 18. Nb4 Qd7 19. Qc2 Bh3 20. Rxc7 Qxc7 21. Bxh3 g4 22.
Bg2 Rbc8 23. gxf4 Nh5 24. fxe5 Bxe5 25. Ncd5 Nxd5 26. Bxd5+ Kh8 27. Nc6 Qg7 28.
d4 $2 Bxh2+ 29. Kxh2 $4 (29. Kg2 $11) 29... g3+ $19 30. Kh3 Rxf2 31. Bg2 Rxf1
32. Qe4 Rg8 33. Ne7 Nf4+ 0-1

[Event "Albox op"]
[Site "Albox"]
[Date "2002.07.23"]
[Round "2.6"]
[White "Gomez Gomez, Salvador"]
[Black "Dziuba, Marcin"]
[Result "1/2-1/2"]
[WhiteElo "2186"]
[BlackElo "2454"]
[PlyCount "73"]
[EventDate "2002.07.??"]

1. e4 c5 2. Nf3 d6 3. d4 cxd4 4. Nxd4 Nf6 5. Nc3 Nc6 6. Bc4 e6 7. Bb3 Be7 8.
Be3 O-O 9. f3 a6 10. a4 Qc7 11. Qe2 Na5 12. Ba2 Bd7 13. O-O Rac8 14. Rfd1 Nc4
15. Bxc4 Qxc4 16. Qxc4 Rxc4 17. Rd2 Rfc8 18. Nb3 h6 19. a5 Be8 20. Rd4 Nd7 21.
Rxc4 Rxc4 22. Rd1 Ne5 23. Bf4 Rc8 24. Bxe5 dxe5 25. Rd3 f5 26. Kf1 Kf7 27. Ke1
Bb4 28. Kd1 Bxc3 29. Rxc3 Rxc3 30. bxc3 Ke7 31. Kd2 Kd6 32. Kd3 Bb5+ 33. c4 Bc6
34. Nd2 g5 35. Kc3 Kc5 36. Nb3+ Kd6 37. Nd2 1/2-1/2

[Event "Albox op"]
[Site "Albox"]
[Date "2002.07.23"]
[Round "2.8"]
[White "Perez, Rodney"]
[Black "Alonso Martinez, Tomas"]
[Result "1/2-1/2"]
[WhiteElo "2435"]
[BlackElo "2213"]
[PlyCount "29"]
[EventDate "2002.07.??"]

1. e4 c5 2. Nf3 g6 3. d4 cxd4 4. Qxd4 Nf6 5. Bb5 Nc6 6. Bxc6 dxc6 7. Qxd8+ Kxd8
8. Nc3 Bg7 9. Bf4 Ke8 10. Be5 Nh5 11. Bxg7 Nxg7 12. O-O-O Bg4 13. Rd3 Bxf3 14.
Rxf3 Rd8 15. Rd1 1/2-1/2

[Event "Albox op"]
[Site "Albox"]
[Date "2002.07.23"]
[Round "2.9"]
[White "Vella Ramirez, Alfonso"]
[Black "Saldano, Horacio"]
[Result "0-1"]
[WhiteElo "2157"]
[BlackElo "2421"]
[PlyCount "80"]
[EventDate "2002.07.??"]

1. e4 g6 2. Nc3 Bg7 3. g3 d6 4. Bg2 Nc6 5. d3 e5 6. Be3 f5 7. Qd2 Nf6 8. Bh6
O-O 9. Bxg7 Kxg7 10. Nge2 fxe4 11. dxe4 Be6 12. f4 Bc4 13. O-O-O Bxe2 14. Nxe2
Qe7 15. f5 Qf7 16. Kb1 Qc4 17. fxg6 hxg6 18. Nc3 b5 19. Bf1 Qc5 20. Nxb5 Qb6
21. Nc3 Rab8 22. b3 Nb4 23. Bc4 Qa5 24. a4 Nc6 25. h4 Qc5 26. Be2 Nd4 27. Kb2
Rb4 28. Rdf1 Rfb8 29. Bd1 Qc4 30. Rxf6 Nxb3 31. Rxg6+ Kxg6 32. Qg5+ Kh7 33.
Qf5+ Kh8 34. Qf6+ Kg8 35. Qg6+ Kh8 36. Qh6+ Kg8 37. Qg6+ Kf8 38. Qf6+ Ke8 39.
Nd5 Nc5+ 40. Nxb4 Qxb4+ 0-1

[Event "Albox op"]
[Site "Albox"]
[Date "2002.07.23"]
[Round "2.10"]
[White "Rivas Pastor, Manuel"]
[Black "Rodriguez Boado, Martin"]
[Result "1-0"]
[WhiteElo "2417"]
[BlackElo "2183"]
[PlyCount "69"]
[EventDate "2002.07.??"]

1. e4 Nf6 2. Nc3 d5 3. e5 Nfd7 4. d4 c5 5. f4 cxd4 6. Nce2 Nc6 7. Nf3 d3 8.
cxd3 Nc5 9. Be3 Qa5+ 10. Kf2 Bg4 11. a3 Qb5 12. b4 Nxd3+ 13. Kg3 Bxf3 14. gxf3
Nb2 15. Qb3 Qd3 16. Qxd3 Nxd3 17. Nd4 Nb2 18. Rc1 Kd7 19. Rc2 Nxd4 20. Bxd4 Nc4
21. Bxc4 dxc4 22. Rxc4 Rc8 23. Rxc8 Kxc8 24. Rc1+ Kb8 25. e6 f6 26. b5 g6 27.
b6 axb6 28. Bxb6 Bg7 29. Rc7 Re8 30. f5 Bh6 31. Rd7 Kc8 32. Rc7+ Kb8 33. Rc4
Bg5 34. h4 Bd2 35. Bc7+ 1-0

[Event "Albox op"]
[Site "Albox"]
[Date "2002.07.23"]
[Round "3.1"]
[White "Rustemov, Alexander"]
[Black "Saldano, Horacio"]
[Result "1-0"]
[WhiteElo "2598"]
[BlackElo "2421"]
[PlyCount "85"]
[EventDate "2002.07.??"]

1. d4 d5 2. c4 c6 3. Nf3 Nf6 4. Qc2 e6 5. e3 Ne4 6. Bd3 f5 7. O-O Bd6 8. b3 Qe7
9. Bb2 O-O 10. Ne5 b6 11. f3 Nf6 12. Nd2 c5 13. Rae1 Bb7 14. e4 fxe4 15. fxe4
dxe4 16. Nxe4 Bxe5 17. dxe5 Nxe4 18. Rxf8+ Qxf8 19. Bxe4 Bxe4 20. Qxe4 Na6 21.
Rf1 Qe8 22. Rd1 Rd8 23. Rd6 Rxd6 24. exd6 Qd7 25. Qa8+ Kf7 26. Qh8 e5 27. Bxe5
Qg4 28. h3 Qg5 29. Qxg7+ Qxg7 30. Bxg7 Nb4 31. a3 Nc2 32. a4 Ke6 33. Kf2 Nb4
34. Ke3 Kxd6 35. Bc3 Nc6 36. Kf4 Ke6 37. Kg5 Kf7 38. Kf5 h6 39. g4 Ne7+ 40. Ke5
Ng6+ 41. Ke4 Ne7 42. a5 Kg6 43. Ke5 1-0

[Event "Albox op"]
[Site "Albox"]
[Date "2002.07.23"]
[Round "3.2"]
[White "Suba, Mihai"]
[Black "Rivas Pastor, Manuel"]
[Result "1-0"]
[WhiteElo "2507"]
[BlackElo "2417"]
[PlyCount "47"]
[EventDate "2002.07.??"]

1. c4 e6 2. g3 d5 3. Bg2 c6 4. Qc2 Nd7 5. Nf3 Ngf6 6. O-O b5 7. d3 bxc4 8. dxc4
Bc5 9. Bg5 O-O 10. Nc3 Ba6 11. b3 h6 12. Bxf6 Nxf6 13. e3 Qe7 14. Rfd1 Rfd8 15.
Na4 Ba3 16. Rab1 Rac8 17. Nd4 e5 18. Nf5 Qb4 19. c5 Rc7 20. f4 d4 21. fxe5 d3
22. Qf2 Ng4 23. Qf4 Bb5 24. Be4 1-0

[Event "Albox op"]
[Site "Albox"]
[Date "2002.07.23"]
[Round "3.3"]
[White "Perez Candelario, Manuel"]
[Black "Sulypa, Alexandre"]
[Result "1-0"]
[WhiteElo "2408"]
[BlackElo "2505"]
[PlyCount "77"]
[EventDate "2002.07.??"]

1. e4 c5 2. Nf3 d6 3. d4 cxd4 4. Nxd4 Nf6 5. Nc3 a6 6. Be3 e5 7. Nb3 Be6 8. Qd2
Nbd7 9. f3 h5 10. Be2 Rc8 11. O-O Be7 12. Rad1 O-O 13. Kh1 Qc7 14. Bg5 b5 15.
a3 Rfd8 16. Qe1 Nb6 17. Qh4 Na4 18. Nxa4 bxa4 19. Na1 Bc4 20. Bxc4 Qxc4 21. c3
Rb8 22. Nc2 Rxb2 23. Ne3 Qe6 24. Nf5 Bf8 25. g4 Rc8 26. gxh5 Rxc3 27. h6 Rcc2
28. hxg7 Rxh2+ 29. Qxh2 Rxh2+ 30. Kxh2 Bxg7 31. Rg1 Nh5 32. Bh6 Qb3 33. Nxg7
Qxf3 34. Nxh5+ Kh7 35. Ng3 Kxh6 36. Rdf1 Qxa3 37. Nf5+ Kh5 38. Re1 Qf3 39. Re3
1-0

[Event "Albox op"]
[Site "Albox"]
[Date "2002.07.23"]
[Round "3.4"]
[White "Movsziszian, Karen"]
[Black "Amate Tortosa, Bernardo"]
[Result "0-1"]
[WhiteElo "2494"]
[BlackElo "2246"]
[PlyCount "100"]
[EventDate "2002.07.??"]

1. g3 Nf6 2. Bg2 g6 3. e4 d6 4. d4 Bg7 5. Nc3 O-O 6. Nge2 e5 7. h3 Nbd7 8. Be3
Re8 9. O-O b6 10. d5 a5 11. a3 Bb7 12. Qd2 a4 13. b3 axb3 14. cxb3 Nc5 15. Rfb1
Qd7 16. b4 Na4 17. Nxa4 Rxa4 18. Nc3 Raa8 19. Kh2 Nh5 20. Bf3 Bc8 21. Bg4 Qe7
22. Bxh5 gxh5 23. Qe2 f5 24. Qxh5 f4 25. Bd2 Rf8 26. gxf4 exf4 27. Rg1 Kh8 28.
f3 Rf6 29. Ne2 Ba6 30. Nxf4 Rxf4 31. Bxf4 Bxa1 32. Rxa1 Qf6 33. Qh6 Qxa1 34.
Bg5 Qb2+ 35. Kh1 Qb1+ 36. Kh2 Qb2+ 37. Kh1 Qa1+ 38. Kh2 Qe5+ 39. f4 Qb2+ 40.
Kg3 Rg8 41. e5 Qc3+ 42. Kg4 Be2+ 43. Kf5 Qd3+ 44. Ke6 Rg6+ 45. Bf6+ Kg8 46. Qh4
Bf3 47. Ke7 dxe5 48. f5 Qxf5 49. d6 Qxf6+ 50. Qxf6 Rxf6 0-1

[Event "Albox op"]
[Site "Albox"]
[Date "2002.07.23"]
[Round "3.5"]
[White "Alonso Martinez, Tomas"]
[Black "Lalic, Bodgan"]
[Result "0-1"]
[WhiteElo "2213"]
[BlackElo "2540"]
[PlyCount "92"]
[EventDate "2002.07.??"]

1. e4 c5 2. Nc3 Nc6 3. g3 g6 4. Bg2 Bg7 5. d3 d6 6. f4 e6 7. Nf3 Nge7 8. O-O
O-O 9. Be3 b6 10. Bf2 e5 11. Qd2 Rb8 12. Rae1 Nd4 13. Be3 b5 14. Nd1 b4 15. Nh4
exf4 16. Bxf4 Nec6 17. c3 bxc3 18. bxc3 Ne6 19. Bh6 Bxh6 20. Qxh6 Ba6 21. Ne3
Qg5 22. Qxg5 Nxg5 23. Rf6 Bxd3 24. Rxd6 Ne5 25. Ng4 Nxg4 26. Rxd3 Ne5 27. Rd5
f6 28. Kf2 Rb2+ 29. Re2 Rb1 30. Ke3 Rc8 31. Nf3 Ngxf3 32. Bxf3 Rc1 33. Kd2 Ra1
34. Ke3 Kf7 35. Rc2 Ke7 36. Rd1 Rxd1 37. Bxd1 Rb8 38. Be2 Rb1 39. Ba6 Kd7 40.
Be2 Kc7 41. h4 h5 42. Kf4 Ra1 43. Ke3 Kc6 44. Kf4 a5 45. Rb2 Rc1 46. Rb3 Rc2
0-1

[Event "Albox op"]
[Site "Albox"]
[Date "2002.07.23"]
[Round "3.6"]
[White "Dziuba, Marcin"]
[Black "Fernandez Rodriguez, Ramon"]
[Result "1-0"]
[WhiteElo "2454"]
[BlackElo "2025"]
[PlyCount "50"]
[EventDate "2002.07.??"]

1. d4 d5 2. c4 e6 3. Nc3 Nf6 4. Nf3 c5 5. cxd5 cxd4 6. Qa4+ Qd7 7. Qxd7+ Bxd7
8. dxe6 dxc3 9. exd7+ Nbxd7 10. bxc3 Ne4 11. Bb2 Rc8 12. Rc1 b5 13. Nd2 Ndf6
14. e3 a6 15. Nxe4 Nxe4 16. Bd3 Nc5 17. Bf5 Rd8 18. c4 b4 19. Bc2 h5 20. Ke2
Rh6 21. Rhd1 a5 22. Rd5 Rxd5 23. cxd5 Rb6 24. Bd4 g6 25. Bxc5 Bxc5 1-0

[Event "Albox op"]
[Site "Albox"]
[Date "2002.07.23"]
[Round "3.7"]
[White "Garcia Loro, Marcos J"]
[Black "Perez, Rodney"]
[Result "0-1"]
[WhiteElo "2096"]
[BlackElo "2435"]
[PlyCount "70"]
[EventDate "2002.07.??"]

1. e4 d5 2. exd5 Qxd5 3. Nc3 Qd6 4. d4 Nf6 5. Nf3 a6 6. h3 b5 7. Bd3 Bb7 8. O-O
Nbd7 9. Re1 c5 10. Ne4 Nxe4 11. Bxe4 Bxe4 12. Rxe4 e6 13. Bf4 Qd5 14. Qe2 Be7
15. Rd1 c4 16. c3 O-O 17. Ne5 Rad8 18. Nxd7 Rxd7 19. Re5 Qb7 20. Qg4 Rfd8 21.
Rde1 Bf6 22. Bg5 Bxg5 23. Rxg5 g6 24. Rge5 Rd6 25. Qh4 Kg7 26. a3 a5 27. Qf4 b4
28. axb4 axb4 29. h4 h5 30. Ra5 Rd5 31. Rxd5 Rxd5 32. Re5 bxc3 33. bxc3 Qb1+
34. Kh2 Qb3 35. Qe4 f6 0-1

[Event "Albox op"]
[Site "Albox"]
[Date "2002.07.23"]
[Round "3.8"]
[White "Perez, Luis Manuel"]
[Black "Hernando Rodrigo, Jose M"]
[Result "1/2-1/2"]
[WhiteElo "2384"]
[BlackElo "2393"]
[PlyCount "101"]
[EventDate "2002.07.??"]

1. e4 d5 2. exd5 Qxd5 3. Nc3 Qa5 4. d4 Nf6 5. Bc4 Nc6 6. d5 Nb4 7. a3 c6 8.
axb4 Qxa1 9. Nf3 e6 10. d6 Bxd6 11. O-O Be7 12. Qd4 b5 13. Bh6 Qxb2 14. Bxg7
Rg8 15. Bxf6 Qxb4 16. Bxe7 Qxe7 17. Qe4 Bb7 18. Be2 O-O-O 19. Qxh7 Qb4 20. Nd1
Qf4 21. Ne3 c5 22. Qh5 f5 23. g3 Qe4 24. Qh7 Rh8 25. Qe7 f4 26. Qxc5+ Kb8 27.
Ra1 a6 28. gxf4 Qxf4 29. Qe5+ Qxe5 30. Nxe5 Rhg8+ 31. N3g4 Rg7 32. f4 Rf8 33.
Rf1 Be4 34. Bd3 Bxd3 35. cxd3 Kb7 36. Kg2 b4 37. h4 a5 38. h5 Rh8 39. Rh1 b3
40. h6 Rc7 41. Rb1 Rc2+ 42. Kf3 a4 43. Nc4 Ka6 44. Ra1 Ra2 45. Re1 Kb5 46. Rxe6
Kb4 47. f5 Kc3 48. f6 b2 49. Rb6 a3 50. Nf2 Rxh6 51. f7 1/2-1/2

[Event "Albox op"]
[Site "Albox"]
[Date "2002.07.23"]
[Round "3.9"]
[White "Komljenovic, Davor"]
[Black "Gomez Gomez, Salvador"]
[Result "1-0"]
[WhiteElo "2459"]
[BlackElo "2186"]
[PlyCount "55"]
[EventDate "2002.07.??"]

1. Nf3 Nf6 2. c4 e6 3. g3 c5 4. Bg2 Be7 5. O-O Nc6 6. d4 d6 7. d5 exd5 8. cxd5
Ne5 9. Nxe5 dxe5 10. Na3 O-O 11. Nc4 Bd6 12. e4 b5 13. Nxd6 Qxd6 14. b3 a5 15.
Qc2 Ba6 16. Be3 Rfc8 17. Bh3 Rc7 18. f3 c4 19. bxc4 Rxc4 20. Qd2 Qa3 21. Rfc1
Rb8 22. Bf1 Rcc8 23. Rc6 Bb7 24. Qc1 Qa4 25. Rc7 Ba6 26. Qc6 Rxc7 27. Qxc7 Re8
28. Qc6 1-0

[Event "Albox op"]
[Site "Albox"]
[Date "2002.07.23"]
[Round "3.10"]
[White "Garcia Mendoza, Francisco"]
[Black "Ibarra Jerez, Jose Carlos"]
[Result "0-1"]
[WhiteElo "1912"]
[BlackElo "2368"]
[PlyCount "76"]
[EventDate "2002.07.??"]

1. e4 c5 2. Nf3 d6 3. d4 Nf6 4. Nc3 cxd4 5. Nxd4 a6 6. f3 Qb6 7. Nb3 e6 8. Qe2
Qc7 9. a4 Nc6 10. a5 Nb4 11. Be3 d5 12. Bb6 Qb8 13. exd5 Nfxd5 14. Nxd5 Nxd5
15. O-O-O Nxb6 16. axb6 Be7 17. Qe4 O-O 18. f4 a5 19. Bb5 a4 20. Bxa4 Ra6 21.
Bb5 Rxb6 22. Bd3 g6 23. Qe3 Qc7 24. Kb1 Rb4 25. g3 Bf6 26. Be2 e5 27. Qc5 Qxc5
28. Nxc5 e4 29. Nb3 Be6 30. Rd6 Rc8 31. Bd1 e3 32. g4 Rxf4 33. Re1 Rf2 34. Rb6
Bd5 35. Rxe3 Rf1 36. Nc1 Bg5 37. Re5 Rxd1 38. Rxg5 Be4 0-1

[Event "Albox op"]
[Site "Albox"]
[Date "2002.07.23"]
[Round "3.11"]
[White "Moreno Tejera, Emilio"]
[Black "Agullo Sanchez, Vicente"]
[Result "1-0"]
[WhiteElo "2365"]
[BlackElo "1891"]
[PlyCount "45"]
[EventDate "2002.07.??"]

1. e4 e6 2. d4 d5 3. Be3 dxe4 4. Nd2 Nf6 5. f3 Nd5 6. Qe2 Nxe3 7. Qxe3 exf3 8.
Ngxf3 Be7 9. Bd3 Nd7 10. O-O-O Nf6 11. Ne5 O-O 12. Rhf1 c5 13. dxc5 Qa5 14. Nb3
Qxa2 15. Bb5 a6 16. Bc4 Rd8 17. Rxd8+ Bxd8 18. Qd4 Be7 19. Kd2 Qa4 20. Nxf7 Bd7
21. Ne5 Rd8 22. Kc1 Bc8 23. Bxe6+ 1-0

[Event "Albox op"]
[Site "Albox"]
[Date "2002.07.23"]
[Round "3.12"]
[White "Moya Hernandez, Alvaro"]
[Black "Granero Roca, Antonio"]
[Result "0-1"]
[WhiteElo "1836"]
[BlackElo "2351"]
[PlyCount "47"]
[EventDate "2002.07.??"]

1. d4 Nf6 2. c4 c5 3. d5 b5 4. cxb5 a6 5. bxa6 g6 6. Nc3 Bxa6 7. e4 Bxf1 8.
Kxf1 d6 9. g3 Bg7 10. Kg2 Nbd7 11. Qc2 O-O 12. Nge2 Qa5 13. a4 Rfb8 14. Ra3 Ne5
15. Nb5 Qb4 16. Bd2 Qxe4+ 17. Qxe4 Nxe4 18. Bc3 Nc4 19. Raa1 Nxb2 20. Bxg7 Kxg7
21. Nbc3 Nxc3 22. Nxc3 Nc4 23. Rab1 Rb4 24. Rhe1 0-1

[Event "Albox op"]
[Site "Albox"]
[Date "2002.07.24"]
[Round "4.1"]
[White "Perez Candelario, Manuel"]
[Black "Rustemov, Alexander"]
[Result "0-1"]
[WhiteElo "2408"]
[BlackElo "2598"]
[PlyCount "82"]
[EventDate "2002.07.??"]

{Partida Candidata al Premio de Belleza Jaan Eslon y David Garcia Ilundain} 1.
e4 e6 2. d4 d5 3. Nd2 dxe4 4. Nxe4 Bd7 5. Nf3 Bc6 6. Bd3 Nd7 7. O-O Ngf6 8.
Ned2 Be7 9. Re1 O-O 10. Nc4 Bd5 11. Nce5 c5 12. c4 Bxf3 13. Nxf3 cxd4 14. Nxd4
h6 15. a3 a5 16. b3 Bc5 17. Nb5 Nb8 18. Bb2 Nc6 19. Qf3 Qe7 20. Rad1 Rfd8 21.
Qg3 Kf8 22. Bc2 Rxd1 23. Rxd1 Rd8 24. Rxd8+ Qxd8 25. Bc3 Qe7 26. Bb2 e5 27. h3
Nd4 28. Nxd4 Bxd4 29. Bc1 Qc5 30. Qf3 a4 31. Qxb7 Bxf2+ 32. Kh2 axb3 33. Bxb3
Kg8 34. Qa8+ Kh7 35. Bc2+ e4 36. Bxe4+ g6 37. Bf4 Qxc4 38. Qf8 Nxe4 39. Qxh6+
Kg8 40. Be5 Bg1+ 41. Kh1 Ng3+ 0-1

[Event "Albox op"]
[Site "Albox"]
[Date "2002.07.24"]
[Round "4.2"]
[White "Amate Tortosa, Bernardo"]
[Black "Suba, Mihai"]
[Result "0-1"]
[WhiteElo "2246"]
[BlackElo "2507"]
[PlyCount "41"]
[EventDate "2002.07.??"]

1. e4 Nf6 2. e5 Nd5 3. d4 d6 4. c4 Nb6 5. f4 Bf5 6. Be3 dxe5 7. fxe5 e6 8. Nc3
Bb4 9. Nf3 c5 10. a3 cxd4 11. axb4 dxe3 12. c5 N6d7 13. Qd6 Nc6 14. Bb5 Rc8 15.
O-O-O Qe7 16. Ng5 a5 17. Qxe7+ Kxe7 18. Nxf7 axb4 19. Rxd7+ Kxd7 20. Nxh8 bxc3
21. Nf7 0-1